000 00364nam a2200133Ia 4500
008 230917s9999||||xx |||||||||||||| ||und||
040 _e91746
_aMAIN
041 _aEnglish
082 _a370.153 H761S
100 _aHooda, Sunita
245 0 _aStudy of adjustment of adolescent girls with respect to their intelligence and anxiety
300 _a65 p.
942 _cTH
999 _c74440
_d74440